000 00656nam a2200229Ia 4500
003 OSt
005 20220923230712.0
006 a|||||r|||| 00| 0
007 ta
008 Pun
020 _c3
024 _a304,858
037 _cTextual
040 _aARTS
_cARTS
_bPun
041 _2Pun
_aPun
082 _aX:329, 153L3
100 _aਸਹਿਰਾਣੀ, ਪਿਆਰਾ ਸਿੰਘ
245 0 _aਸੋFਨਿਗ਼ਮ ਤੇ ਪੂੰਜੀਵਾਦ ਇਕਰੂਪਤਾ ਦੀ ਰੁਚੀ
260 _c1973
942 _hX:329, 153L3
_cTEXL
_2CC
999 _c386665
_d386665